000 00441nam a2200181Ia 4500
001 4030
005 20260306145726.0
008 260306t2011||||xx |||||||||||||| ||spa||
041 _aESP
082 _a306.6
_bW35 2011
100 _aWeber, Max
_eAUT
245 0 _aLa ética protestante y el espíritu de capitalismo
260 _c2011
300 _a580 páginas :
_c21 cm.
650 _aGEN
654 _aCHU
942 _cLIB
_dJUS
_fJUS
_2ddc
_n
999 _c4030
_d4030